01331nam a2200265 a 450000100100000000500170001000800410002702000180006804000250008608200180011110000510012924501690018026000530034930000270040249000100042950001300043959000260056970000410059570000260063683000170066295201310067995201160081095201220092699900170104800004692220201002053219.0180406s2015 dr a 000 0 spa d z9789945495941 aDO-SdBNPbspacBNPHU axxxxbV181ate1 aValle Tineo de Hernández, María del97484610aAtención & concentración 3 :bnivel inicial, 5 años de edad /cMaría del Valle Tineo de Hernández, Nathalie Feliú Domínguez ; ilustraciones Henry Cid. aSanto Domingo :bActualidad Escolar 2000,c2015. a96 p. :bil. ;c22 cm.1 aVeraz aEste libro ha sido realizado de acuerdo al curriculum vigente y ha sido sometido a la evaluación y aprobación del MINERD. aInventariado, 2018/LP1 aFeliú Domínguez, Nathalie9748471 aCid, Henry,eil.9346 0aVeraz974848 001054708DSaGRbGRcHDd2018-04-06iLF1l0oxxxx V181atep46922-30r2020-06-25te. 3w2020-06-25yLFDSZPréstamo en sala 0010718PDaPDbPDcHDd2018-04-06iLF1l0oxxxx V181atep46922-10r2020-06-25w2020-06-25yLFPDZNo se presta 0010718PDaPDbPDcHDd2018-04-06iLF1l0oxxxx V181atep46922-20r2020-06-25te. 2w2020-06-25yLFPDZNo se presta c46410d46410